|
|
|
|
| LEADER |
01273nam a2200337 a 4500 |
| 001 |
38522 |
| 003 |
BD-DhAAL |
| 005 |
20220512164728.0 |
| 008 |
220512t1992 dcua b 001 0 eng |
| 999 |
|
|
|c 44170
|d 44170
|
| 010 |
|
|
|a 92016111
|
| 020 |
|
|
|a 088132132X (pbk.)
|
| 020 |
|
|
|a 9780881321326
|
| 020 |
|
|
|a 0881321508 (cloth)
|
| 040 |
|
|
|a DLC
|c DLC
|d DLC
|d BD-DhAAL
|
| 050 |
0 |
0 |
|a HC79.A4
|b C55 1992
|
| 082 |
0 |
0 |
|a 363.7387
|2 20
|
| 100 |
1 |
|
|a Cline, William R.
|9 48376
|
| 245 |
1 |
4 |
|a The economics of global warming /
|c William R. Cline.
|
| 260 |
|
|
|a Washington, DC :
|b Institute for International Economics,
|c 1992.
|
| 300 |
|
|
|a xi, 399 pages :
|b illustrations ;
|c 23 cm.
|
| 500 |
|
|
|a "June 1992."
|
| 504 |
|
|
|a Includes bibliographical references (pages 381-392) and index.
|
| 541 |
|
|
|a Donated By Akbar Ali Khan
|e 38522
|
| 650 |
|
0 |
|a Air
|x Pollution
|x Economic aspects.
|9 48377
|
| 650 |
|
0 |
|a Global warming.
|9 48378
|
| 650 |
|
0 |
|a Greenhouse effect, Atmospheric.
|9 48379
|
| 650 |
|
0 |
|a Social service.
|9 48380
|
| 852 |
|
|
|a Ayesha Abed Library
|c Akbar Ali Khan Collection
|
| 942 |
|
|
|2 ddc
|c BK
|
| 952 |
|
|
|0 0
|1 0
|2 ddc
|4 0
|6 363_738700000000000_CLI
|7 1
|9 70604
|a BRACUL
|b BRACUL
|c AAKC
|d 2022-05-12
|e Donated by Akbar Ali Khan
|l 0
|o 363.7387 CLI
|p 3010038522
|r 2022-05-12
|t 1
|w 2022-05-12
|y BK
|